[Event "Groningen op"]
[Site "Groningen"]
[Date "1995.??.??"]
[Round "?"]
[White "Tunik, Gennady"]
[Black "Gasimov, Ragim"]
[Result "1/2-1/2"]
[WhiteElo "2515"]
[BlackElo "2420"]
[PlyCount "120"]
[EventDate "1995.12.??"]
[Source "ChessBase"]

1. d4 Nf6 2. c4 e6 3. Nc3 Bb4 4. Qc2 Nc6 5. Nf3 d6 6. a3 Bxc3+ 7. Qxc3 O-O 8. e3 a5 9. b3 Re8 10. Be2 e5 11. d5 Ne7 12. Nd2 Ng6 13. e4 h6 14. g3 Bh3 15. f3 Nh7 16. Bb2 f5 17. O-O-O fxe4 18. Nxe4 Nf6 19. Nf2 Bf5 20. Bd3 Qd7 21. Qc2 Ne7 22. g4 Bxd3 23. Qxd3 b5 24. h4 bxc4 25. bxc4 Rab8 26. f4 Nxg4 27. Nxg4 Qxg4 28. fxe5 dxe5 29. Bxe5 Ng6 30. Rhg1 Nxe5 31. Rxg4 Nxd3+ 32. Rxd3 Re2 33. Rd2 Rxd2 34. Kxd2 Kf7 35. Kc3 g6 36. Kd4 Rb3 37. Kc5 Rb6 38. Rg2 a4 39. Rf2+ Ke7 40. Re2+ Kd7 41. Rg2 Ke7 42. Kd4 Rf6 43. Rg1 Kd7 44. Kc5 g5 45. hxg5 Rg6 46. Rg4 hxg5 47. Kd4 c6 48. Kc5 Kc7 49. dxc6 Rxc6+ 50. Kb5 Rg6 51. c5 Kb7 52. Re4 g4 53. Re7+ Kc8 54. c6 g3 55. Kb6 Kd8 56. Re1 Rg7 57. Re3 g2 58. c7+ Rxc7 59. Rg3 Rc2 60. Kb5 Kd7 1/2-1/2

[Event "It (Open) Moscow RUS"]
[Site "?"]
[Date "2006.02.14"]
[Round "8"]
[White "Gupta Abhijeet"]
[Black "Zagrebelny Sergey"]
[Result "1-0"]
[WhiteElo "2449"]
[BlackElo "2485"]
[PlyCount "69"]
[EventDate "2006.??.??"]
[Source "www.chesslib.no"]
[SourceDate "2004.05.04"]

1. d4 Nf6 2. c4 e6 3. Nc3 Bb4 4. Qc2 Nc6 5. Nf3 d6 6. Bg5 h6 7. Bd2 O-O 8. a3 Bxc3 9. Bxc3 Qe7 10. e3 e5 11. d5 Nb8 12. Be2 c6 13. c5 dxc5 14. d6 Qxd6 15. Bxe5 Qe7 16. O-O-O Ne8 17. h4 Nd7 18. Ng5 f5 19. Bc4+ Kh8 20. Bf4 b5 21. Ba2 c4 22. Nf3 a5 23. h5 Rf6 24. Nh4 Nf8 25. Bb1 Nc7 26. Ng6+ Nxg6 27. hxg6 Rxg6 28. e4 Ne6 29. Be3 f4 30. e5 Nf8 31. Bxf4 Be6 32. Qd2 c3 33. Qxc3 Rxg2 34. Qe3 Kg8 35. Rd6 1-0

[Event "5. Rohde Open"]
[Site "?"]
[Date "2005.10.23"]
[Round "2"]
[White "Benitah Yohan"]
[Black "Kosten Anthony C"]
[Result "1-0"]
[WhiteElo "2409"]
[BlackElo "2507"]
[PlyCount "65"]
[EventDate "2005.??.??"]
[Source "www.chesslib.no"]
[SourceDate "2004.05.04"]

1. d4 Nf6 2. c4 e6 3. Nc3 Bb4 4. Qc2 Nc6 5. Nf3 d6 6. Bd2 O-O 7. a3 Bxc3 8. Bxc3 a5 9. e4 Qe7 10. e5 dxe5 11. dxe5 Nd7 12. Bd3 h6 13. O-O a4 14. Be4 Nb6 15. Qe2 Rd8 16. Rad1 Bd7 17. Bc2 Na5 18. Qe4 g6 19. Nd2 Bc6 20. Qe2 Qh4 21. g3 Qh5 22. f3 Rxd2 23. Rxd2 Naxc4 24. Rdd1 Bd5 25. Rf2 Qg5 26. f4 Qe7 27. h4 h5 28. f5 gxf5 29. Rxd5 exd5 30. Bxf5 d4 31. Qxh5 Qxe5 32. Bh7+ Kh8 33. Bxd4 1-0

[Event "Belgrade Trako"]
[Site "Belgrade"]
[Date "1995.??.??"]
[Round "11"]
[White "Sahovic, Dragutin"]
[Black "Ostojic, Nikola"]
[Result "0-1"]
[WhiteElo "2450"]
[BlackElo "2465"]
[PlyCount "108"]
[EventDate "1995.03.??"]
[Source "ChessBase"]

1. d4 Nf6 2. c4 e6 3. Nc3 Bb4 4. Qc2 Nc6 5. Nf3 d6 6. a3 Bxc3+ 7. Qxc3 O-O 8. g3 Qe7 9. Bg2 a5 10. b3 e5 11. d5 Nb8 12. O-O Nbd7 13. Nd2 Nc5 14. b4 axb4 15. axb4 Rxa1 16. Qxa1 Na6 17. Qc3 e4 18. Bb2 Bf5 19. Ra1 Re8 20. Nf1 Bc8 21. h3 h5 22. Ne3 Qf8 23. Nc2 Nh7 24. f4 exf3 25. exf3 Ng5 26. h4 Nh7 27. Bf1 Nf6 28. Qd2 Nd7 29. f4 Nf6 30. Bxf6 gxf6 31. Re1 Rxe1 32. Qxe1 Bg4 33. Kf2 Kg7 34. Bd3 Qa8 35. Qe4 Qa7+ 36. Qe3 Qa8 37. Qd4 Qe8 38. Qe4 Qa4 39. Qh7+ Kf8 40. Ne3 Qa2+ 41. Kg1 Qa1+ 42. Bf1 Qe1 43. Nf5 Bxf5 44. Qxf5 Qxg3+ 45. Bg2 Qxh4 46. Qc8+ Kg7 47. Qxb7 Qe1+ 48. Kh2 Nxb4 49. Qxc7 Qh4+ 50. Kg1 Nd3 51. Qb6 Qxf4 52. Qb3 Qe3+ 53. Kh2 h4 54. Qc2 Qg3+ 0-1

[Event "Cappelle Open"]
[Site "Cappelle la Grande FRA"]
[Date "1993.??.??"]
[Round "7"]
[White "Gretarsson, Helgi A"]
[Black "Makarichev, Sergey Y"]
[Result "1/2-1/2"]
[WhiteElo "2370"]
[BlackElo "2545"]
[PlyCount "47"]
[EventDate "1993.02.??"]
[Source "www.chesslib.no"]
[SourceDate "2004.05.04"]

1. d4 Nf6 2. c4 e6 3. Nc3 Bb4 4. Qc2 Nc6 5. Nf3 d6 6. Bd2 Qe7 7. e3 O-O 8. Be2 Bxc3 9. Bxc3 e5 10. O-O exd4 11. exd4 Ne4 12. d5 Nxc3 13. Qxc3 Ne5 14. Nxe5 Qxe5 15. Qxe5 dxe5 16. c5 Rd8 17. Bc4 b6 18. Rfe1 bxc5 19. Rxe5 Kf8 20. Rae1 Bb7 21. Re7 Bxd5 22. Bxd5 Rxd5 23. Rxc7 Re8 24. Kf1 1/2-1/2

[Event "otb"]
[Site "otb"]
[Date "2007.04.05"]
[Round "4"]
[White "Escobedo Tinajero Alberto"]
[Black "Gonzalez Zamora Juan Carlos"]
[Result "0-1"]
[WhiteElo "2385"]
[BlackElo "2526"]
[PlyCount "136"]
[Source "www.chesslib.no"]
[SourceDate "2004.05.04"]

1. d4 Nf6 2. c4 e6 3. Nc3 Bb4 4. Qc2 Nc6 5. Nf3 d6 6. a3 Bxc3+ 7. Qxc3 Qe7 8. b4 O-O 9. Bg5 h6 10. Bxf6 Qxf6 11. b5 Nb8 12. g3 b6 13. Bg2 Bb7 14. O-O Nd7 15. Nd2 Bxg2 16. Kxg2 e5 17. e3 Rae8 18. Rae1 Qg6 19. f4 f5 20. Nf3 e4 21. Nd2 Qf7 22. d5 a6 23. a4 axb5 24. axb5 Ra8 25. Nb3 Ra2+ 26. Rf2 Ra3 27. Ra1 Rfa8 28. Rxa3 Rxa3 29. Qb2 Ra4 30. Qc2 Ra8 31. h3 Qg6 32. Kh2 Qf6 33. Kg2 Ra3 34. Re2 Kf7 35. Kf2 Qg6 36. Kg2 Nf6 37. Qb2 Ra4 38. Nd2 Nh5 39. Nf1 Rxc4 40. Rc2 Rc5 41. Rxc5 dxc5 42. Qe5 Qd6 43. Qxf5+ Nf6 44. Nd2 Qxd5 45. Qxd5+ Nxd5 46. Nxe4 Nxe3+ 47. Kf3 Nd5 48. f5 Ke7 49. g4 Kf7 50. h4 Ne7 51. Kf4 Nd5+ 52. Ke5 Nf6 53. Nf2 h5 54. gxh5 Ke7 55. Nd1 Nxh5 56. Ne3 Nf6 57. Nc4 Kd7 58. Kf4 Ke7 59. Kg5 Kf7 60. Ne5+ Kg8 61. h5 Kh7 62. h6 Ne4+ 63. Kf4 Nd6 64. hxg7 Kxg7 65. Nd7 Nxb5 66. Ke5 c4 67. f6+ Kf7 68. Kd5 c3 0-1

[Event "Munich"]
[Site "Munich"]
[Date "1988.??.??"]
[Round "?"]
[White "Bischoff, Klaus"]
[Black "Hecht, Hans Joachim"]
[Result "1/2-1/2"]
[WhiteElo "2465"]
[BlackElo "2445"]
[PlyCount "53"]
[EventDate "1988.04.??"]
[Source "ChessBase"]

1. d4 Nf6 2. c4 e6 3. Nc3 Bb4 4. Qc2 Nc6 5. Nf3 d6 6. Bd2 O-O 7. a3 Bxc3 8. Bxc3 Re8 9. Rd1 Qe7 10. d5 Nb8 11. dxe6 Bxe6 12. e3 Nbd7 13. Be2 Bg4 14. b3 Ne5 15. Bb2 Rad8 16. Rd4 Bh5 17. Nxe5 dxe5 18. Rxd8 Qxd8 19. Bxh5 Nxh5 20. O-O Nf6 21. Rd1 Qe7 22. Qf5 Kf8 23. h3 a5 24. Qf3 b6 25. Qf5 Qe6 26. Qd3 h6 27. Kf1 1/2-1/2

[Event "WJun, Athens GRE"]
[Site "?"]
[Date "2001.??.??"]
[Round "12"]
[White "Gagunashvili, M."]
[Black "Korobov, A."]
[Result "1-0"]
[WhiteElo "2440"]
[BlackElo "2470"]
[PlyCount "99"]
[EventDate "2001.??.??"]
[Source "www.chesslib.no"]
[SourceDate "2004.05.04"]

1. d4 Nf6 2. c4 e6 3. Nc3 Bb4 4. Qc2 Nc6 5. Nf3 d6 6. Bg5 h6 7. Bd2 e5 8. d5 Bxc3 9. Bxc3 Ne7 10. e4 a5 11. g3 Bg4 12. Nd2 h5 13. f3 Bd7 14. c5 O-O 15. Nc4 Qb8 16. f4 b5 17. cxb6 Ng6 18. fxe5 dxe5 19. b7 Qxb7 20. Bd3 Bb5 21. Ne3 c6 22. O-O-O Bxd3 23. Qxd3 Rfd8 24. Rhf1 cxd5 25. exd5 a4 26. d6 a3 27. b3 Ne4 28. Nc4 Rac8 29. Kb1 Rxc4 30. Qxc4 Rc8 31. Rxf7 Nxc3+ 32. Ka1 Qc6 33. Rc7+ Qxc4 34. Rxc4 Rxc4 35. d7 Re4 36. d8=Q+ Kh7 37. Qd3 Rd4 38. Qxd4 exd4 39. Rxd4 Ne5 40. b4 Ng4 41. Rd3 Nb5 42. Rd5 Nc3 43. Rxh5+ Kg6 44. Rc5 Ne4 45. Rc6+ Kf5 46. b5 Ne5 47. Rc7 Ke6 48. b6 Kd6 49. Rxg7 Kc5 50. h4 1-0

[Event "HUN-chT 0203"]
[Site "?"]
[Date "2002.09.22"]
[Round "1"]
[White "Varga Peter"]
[Black "Gyorkos Lajos"]
[Result "1/2-1/2"]
[WhiteElo "2490"]
[BlackElo "2417"]
[PlyCount "127"]
[EventDate "2002.??.??"]
[Source "www.chesslib.no"]
[SourceDate "2004.05.04"]

1. d4 Nf6 2. c4 e6 3. Nc3 Bb4 4. Qc2 Nc6 5. Nf3 d6 6. Bg5 h6 7. Bd2 a5 8. a3 Bxc3 9. Bxc3 O-O 10. e4 Qe7 11. e5 dxe5 12. dxe5 Nd7 13. O-O-O Nc5 14. Be2 b6 15. Rhe1 Bb7 16. Bf1 a4 17. Kb1 Rfd8 18. Qe2 Na5 19. Bb4 Nab3 20. Qe3 Rd7 21. Bd3 Rad8 22. Bc2 Rxd1+ 23. Rxd1 Rxd1+ 24. Bxd1 Qd8 25. Bc2 Be4 26. Qe2 Bd3 27. Bxd3 Qxd3+ 28. Qxd3 Nxd3 29. Be7 g5 30. h3 Na5 31. Bd8 Nxc4 32. Bxc7 Kf8 33. Kc2 Nf4 34. Kc3 b5 35. Kb4 Nxb2 36. Kxb5 Ke8 37. Bb6 Nxg2 38. Bd4 Nd3 39. Kxa4 Kd7 40. Kb5 Ngf4 41. Kc4 Nc1 42. h4 gxh4 43. Nxh4 Nd5 44. Ng2 Ne2 45. Be3 h5 46. Bg5 Ng1 47. Ne1 Kc6 48. Bh4 Nf4 49. Bg3 Ng6 50. Kd4 h4 51. Bh2 Ne2+ 52. Kd3 Nef4+ 53. Ke4 Nd5 54. Kf3 Nb6 55. Kg4 Nc4 56. Nf3 Nxa3 57. Ng5 Nh8 58. Kxh4 Nc4 59. f4 Ne3 60. Bg1 Nd5 61. Kg4 Kd7 62. Bc5 f5+ 63. exf6 Nxf6+ 64. Kf3 1/2-1/2

[Event "DSV-Turnier"]
[Site "Berlin East"]
[Date "1982.??.??"]
[Round "2"]
[White "Lputian, Smbat G"]
[Black "Espig, Lutz"]
[Result "1/2-1/2"]
[WhiteElo "2480"]
[BlackElo "2425"]
[PlyCount "56"]
[EventDate "1982.10.??"]
[Source "ChessBase"]

1. d4 Nf6 2. c4 e6 3. Nc3 Bb4 4. Qc2 Nc6 5. Nf3 d6 6. a3 Bxc3+ 7. Qxc3 Qe7 8. b4 e5 9. dxe5 Nxe5 10. Nxe5 Qxe5 11. Qxe5+ dxe5 12. Bb2 Nd7 13. g4 f6 14. c5 c6 15. g5 a5 16. Rg1 axb4 17. axb4 Rxa1+ 18. Bxa1 Kf7 19. e3 Nf8 20. Bd3 Be6 21. f4 exf4 22. gxf6 gxf6 23. exf4 Bd5 24. Kd2 Ng6 25. Bd4 Ra8 26. Ra1 Rxa1 27. Bxa1 Nxf4 28. Bxh7 Ng6 1/2-1/2